000
00309nam a22001337a 4500
008
170327b xxu||||| |||| 00| 0 eng d
020
_a
9780863883668
041
_a
eng
080
_a
615.83
100
_a
8
101
_a
shm
245
_a
THERAPEUTIC ACTIVITIES FOR THE UPPER LIMB
_c
MILLS, D
942
_2
udc
_c
BK
999
_c
8764
_d
8764